|
|
|
|
| LEADER |
00964nam a2200265 a 4500 |
| 001 |
12530268 |
| 008 |
010910s2002 maua 001 0 eng d |
| 010 |
|
|
|a 2001044952
|
| 020 |
|
|
|a 0072470402
|
| 040 |
|
|
|a DLC
|c DLC
|d DLC
|
| 082 |
0 |
0 |
|a 005.369
|2 21
|
| 100 |
1 |
|
|a Clifford, Sarah Hutchinson.
|
| 245 |
1 |
0 |
|a Microsoft Excel 2002 /
|c Sarah E. Hutchinson, Glen J. Coulthard.
|
| 250 |
|
|
|a Complete ed.
|
| 260 |
|
|
|a Boston, Mass. :
|b McGraw-Hill/Irwin,
|c c2002.
|
| 300 |
|
|
|a xvi, 805, 32 p. (loose-leaf) :
|b ill. ;
|c 28 cm.
|
| 490 |
|
0 |
|a Advantage series
|
| 500 |
|
|
|a Includes index.
|
| 541 |
1 |
|
|e 00015626
|
| 630 |
0 |
0 |
|a Microsoft Excel (Computer file)
|
| 650 |
|
0 |
|a Business
|x Computer programs.
|
| 700 |
1 |
|
|a Coulthard, Glen J.
|
| 852 |
4 |
|
|a Ayesha Abed Library
|j General shelf
|
| 999 |
|
|
|c 8397
|d 8397
|
| 952 |
|
|
|0 0
|1 0
|2 ddc
|4 0
|6 005_369000000000000_CLI_2002
|7 0
|9 9804
|a BRACUL
|b BRACUL
|c GEN
|d 2010-05-05
|l 2
|m 11
|o 005.369 CLI
|p 3010015626
|r 2016-06-27
|s 2016-05-18
|t 1
|w 2010-05-05
|y BK
|